Soil Mechanics for Transportation Engineers (Record no. 1106)

000 -LEADER
fixed length control field 00345 a2200109 4500
020 ## - INTERNATIONAL STANDARD BOOK NUMBER
International Standard Book Number 9694170850
082 ## - DEWEY DECIMAL CLASSIFICATION NUMBER
Classification number 624.15136 KHA
100 ## - MAIN ENTRY--PERSONAL NAME
Personal name Khan, Prof. Shaukat Ali
245 ## - TITLE STATEMENT
Title Soil Mechanics for Transportation Engineers
Statement of responsibility, etc. Prof. Shaukat Ali Khan
260 ## - PUBLICATION, DISTRIBUTION, ETC.
Place of publication, distribution, etc. Islamabad :
Name of publisher, distributor, etc. Higher Education Commision,
Date of publication, distribution, etc. 2006
300 ## - PHYSICAL DESCRIPTION
Extent vii, 226p. :
Other physical details ill. ;
Dimensions 25 cm
650 ## - SUBJECT ADDED ENTRY--TOPICAL TERM
Topical term or geographic name entry element Soil Mecahnics
Holdings
Withdrawn status Lost status Damaged status Not for loan Permanent Location Current Location Shelving location Date acquired Total Checkouts Full call number Barcode Date last seen Price effective from Koha item type Total Renewals Date last checked out Source of classification or shelving scheme
        Central Library (CL) Central Library (CL)   01/18/2019   624.15136 KHA NIT-2425 01/18/2019 01/18/2019 Book      
        School of Civil and Environmental Engineering (SCEE) School of Civil and Environmental Engineering (SCEE)       624.15136 KHA NIT-2423 01/05/2017 01/05/2017 Book      
        School of Civil and Environmental Engineering (SCEE) School of Civil and Environmental Engineering (SCEE)         NIT-2428 01/05/2017 01/05/2017 Book      
        School of Civil and Environmental Engineering (SCEE) School of Civil and Environmental Engineering (SCEE)     2   NIT-2429 08/01/2022 01/05/2017 Book 2 07/29/2022  
        School of Civil and Environmental Engineering (SCEE) School of Civil and Environmental Engineering (SCEE)         NIT-2430 01/05/2017 01/05/2017 Book      
        School of Civil and Environmental Engineering (SCEE) School of Civil and Environmental Engineering (SCEE)         NIT-2424 01/05/2017 01/05/2017 Book      
© 2023 Central Library, National University of Sciences and Technology. All Rights Reserved.